000
00293nam a22001337a 4500
020
_a
9788177588521
082
_a
006.32
100
_a
SIMON HAYKIN
245
_a
NEURAL NETWORKS A COMPREHENSIVE FOUNDATION
250
_a
2ND ED.
260
_a
INDIA
_b
PEARSON
_c
1999
300
_a
823
942
_c
BK
999
_c
23204
_d
23204